000 00246nam a2200097Ia 4500
001 934403
005 20250826215005.0
008 250824s9999 xx 000 0 und d
245 0 _aAŞKI MEMNU
_cHALİD ZİYA UŞAKLIGİL
260 _bANONİM YAYINLARI
999 _c934403
_d934403